000 00671nam a2200217Ia 4500
005 20260429111911.0
008 260429s9999||||xx |||||||||||||| ||und||
020 _a9781041203124
041 _aEnglish
082 _a658.421
_bDUD
100 _aDuda, Joanna
245 0 _aEntrepreneurship, innovation, and crisis :
_bSME responses to the covid-19 pandemic /
_cJoanna Duda
250 _a1st ed.
260 _aUnited States :
_bRoutledge,
_c2023.
300 _axvi, 180 p.; hb
440 _aRoutledge studies in entrepreneurship and small business
650 _a Entrepreneurship
650 _aEntrepreneurial management
700 _a Kusa, Rafal
942 _cTB
999 _c51343
_d51343